Mil caras de mujer : (Record no. 193040)

MARC details
000 -LEADER
campo de control de longitud fija 02980nam a2200337 i 4500
001 - NÚMERO DE CONTROL
campo de control 193040
003 - IDENTIFICADOR DE NÚMERO DE CONTROL
campo de control SpMaBN
005 - FECHA Y HORA DE LA ÚLTIMA TRANSACCIÓN
campo de control 20250316063057.0
008 - DATOS DE LONGITUD FIJA--INFORMACIÓN GENERAL
campo de control de longitud fija 230726s2023 sp | |||| 000 0 spa
015 ## - NÚMERO DE BIBLIOGRAFÍA NACIONAL
Número de bibliografía nacional MON23
017 ## - NÚMERO DE COPYRIGHT O DE DEPÓSITO LEGAL
Número de copyright o de depósito legal M 4896-2023
Agencia que asigna Oficina Depósito Legal Madrid
020 ## - NÚMERO INTERNACIONAL ESTÁNDAR DEL LIBRO
Número Internacional Estándar del Libro 9788418922633
035 ## - NÚMERO DE CONTROL DEL SISTEMA
Número de control de sistema a7330116
040 ## - FUENTE DE CATALOGACIÓN
Centro catalogador/agencia de origen SpMaBN
Lengua de catalogación spa
Centro/agencia transcriptor SpMaBN
Normas de descripción rda
Centro/agencia modificador Es-MaACL
100 1# - ENTRADA PRINCIPAL--NOMBRE DE PERSONA
Nombre de persona López Expósito, Ana María
Término indicativo de función/relación Autor
9 (RLIN) 176562
245 1# - MENCIÓN DEL TÍTULO
Título Mil caras de mujer :
Resto del título poemas dedicados a mujeres sobresalientes /
Mención de responsabilidad, etc. Ana María López Expósito
260 ## - PUBLICACIÓN, DISTRIBUCIÓN, ETC.
Lugar de publicación, distribución, etc. [Madrid] :
Nombre del editor, distribuidor, etc. Diwan Mayrit,
Fecha de publicación, distribución, etc. 2023
300 ## - DESCRIPCIÓN FÍSICA
Extensión 259 p. ;
Dimensiones 21 cm
336 ## - TIPO DE CONTENIDO
Término de tipo de contenido Texto
Fuente rdacontent
337 ## - TIPO DE MEDIO
Nombre/término del tipo de medio sin mediación
Fuente rdamedia
338 ## - TIPO DE SOPORTE
Nombre/término del tipo de soporte volumen
Fuente rdacarrier
500 ## - NOTA GENERAL
Nota general La palabra "mujer" constituye la columna vertebral del libro. Tres apartados diferentes dan identidad y entidad al poemario: el primero de ellos lleva por título Grandes mujeres que cambiaron el mundo; la autora ha elegido a mujeres de diversos ámbitos, épocas y lugares cuya aportación ha sido decisiva para transformar el universo y ha dedicado un poema a cada una de ellas, entre las que cabe destacar a Enheduanna, Safo, Olympe de Gouges, Marie Curie, Rosa Parks, María Montessori, Ana Frank, Malaya Yousafzai, entre otras; el segundo apartado lleva por título La mujer del siglo XXI; consta de poemas en los que se hace alusión a mujeres españolas y de diversas culturas; el tercer apartado está dedicado al tema de la amistad, que la autora titula Alma que habita en dos cuerpos. Afirma la autora: «Sin mujer no hay mundo, ni poesía». En los poemas se abordan otros temas de interés general en conexión con la trayectoria personal de la autora y su compromiso con el universo como ciudadana del cosmos, con la filosofía, la autoestima, la empatía, la asertividad, la familia, la amistad, la música, el arte, la libertad, el cine, la naturaleza, el viaje, las mujeres de diferentes culturas, las reivindicaciones... Estos poemas son un canto a la vida; todos ellos con un nexo común, "hablan desde el corazón". El poemario es más que un libro, es un modo de expresión único, una arquitectura introspectiva, que se traduce en una mirada caleidoscópica sobre diversos aspectos del mundo de la mujer, relacionados con el bagaje de la autora. Cada uno de sus poemas da diferente forma en su conjunto a su edificio, un andamiaje del rico mundo interior de una persona polifacética que pone al desnudo su alma.
655 #7 - TERMINO DE INDIZACIÓN--GENERO/FORMA
Datos o término principal de género/forma Poesías
Fuente del término tgfbne
9 (RLIN) 176539
852 ## - LOCALIZACIÓN
Ubicación Es-MaACL
Ubicación en estantería Depósito J
Número de control de estantería N-8861
Donativo/Legado Donación: Ana María López Expósito
Encuadernación Rústica con solpas
itemnumber 200345
852 ## - LOCALIZACIÓN
Ubicación Es-MaACL
Ubicación en estantería Depósito J
Número de control de estantería N-8901
Donativo/Legado Donación: Ana María López Expósito
Encuadernación Rústica con solpas
itemnumber 203917
Copia número Duplicado
903 ## - NOMBRE PERSONAL DE DONANTE
a López Expósito, Ana María
e Donante
9 176562
942 ## - ELEMENTOS DE ENTRADA SECUNDARIOS (KOHA)
Tipo de ítem Koha Libro impreso
Suprimir en OPAC No
Holdings
Estatus retirado Estado de pérdida Fuente del sistema de clasificación o colocación Estado de daño No para préstamo Biblioteca de origen Biblioteca actual Ubicación en estantería Fecha de adquisición Fuente de adquisición Número de control de estantería Total de préstamos Signatura topográfica completa Código de barras Visto por última vez Precio de reemplazo Tipo de ítem Koha Restricciones de uso
    Clasificación decimal universal     Biblioteca del Ateneo de Madrid Biblioteca del Ateneo de Madrid Depósito J 24/04/2023 Donación Ateneísta   N-8861 101205638 26/07/2023 26/07/2023 Libro impreso  
    Clasificación decimal universal     Biblioteca del Ateneo de Madrid Biblioteca del Ateneo de Madrid Depósito J 26/07/2024       N-8901 101228899 26/07/2024 26/07/2024 Libro impreso Duplicado